00846cam a2200217u 450000100100000000500170001000800410002704000250006808200150009324500870010825000110019526000350020630000240024160000560026560000810032165000470040270000370044904900090048695201180049599900150061300000731020200929154128.0860227s1947 sp 000 0bspa  aDO-SdBNPcspadBNPHU axxxbP425c13aLa pequeña crónica de Ana Magdalena Bach /ctraducción Carlos Guerendiáin. a2a ed. aBarcelona :bJuventud ,c1947. a169 p., : ;c18 cm.10aBach, Johann Sebastian,d1685-1750vFiction.92031510aBach, Anna Magdalena (Wilken)d1700-1760xFiction. [from old catalog]920316 0aMusical fiction. [from old catalog]9203171 aGuerendiain, Carlos,etr.920318 aBNGR 001052708MOaGRbGRcCTd2009-09-07iLF1l0oxxx P425cp7310-10r2020-06-25w2020-06-25y2ZPréstamo interno c7091d7091